| 000 | 00647nam a2200217 a 4500 | ||
|---|---|---|---|
| 001 | BRCA_3609 | ||
| 005 | 20190320204342.0 | ||
| 008 | 120809s1959----gw-a---###---#000-0#ger-# | ||
| 041 | _ager | ||
| 044 | _agw | ||
| 050 | 4 |
_aNK2365 _b.W56 1959 |
|
| 100 | 1 |
_aWindisch-Graetz, Franz _99361 |
|
| 245 | 1 | 0 |
_aMobel-brevier _bbarock und rokoko _cvon Franz Windisch-Graetz. |
| 260 |
_aBraunschweig, Alemania _bKlinkhardt + Biermann _c1959 |
||
| 300 |
_a50 p. _bil., 31 láminas (algunas a color) _c20 cm. |
||
| 500 | _aB279 | ||
| 650 | 1 | 4 |
_aMuebles barrocos _99362 |
| 650 | 1 | 4 |
_aDecoración y ornamentación rococo _99363 |
| 902 | _aGFM | ||
| 942 |
_2lcc _cB |
||
| 999 |
_c3344 _d3344 |
||